000 00764cas a2200241 a 4500
001 ##L99241
008 070731c1966 xxkwr p 0 a0eng
022 1 _a0007-3318
035 _a(Sirsi) u99241
041 0 _aeng
245 0 0 _aBuilding
260 _aLondon
_bCMP
_c1966-
362 _aLondon: 1966-
362 0 _aEdinburgh: January 1990-
554 _aOne per week
651 4 _aUnited Kingdom
_y
690 _aBUILT ENVIRONMENT
780 0 0 _tThe Builder
856 4 1 _uhttps://www.building.co.uk
_zView further information at www.building.co.uk...
856 4 8 _uhttps://www.bodley.ox.ac.uk/cgi-bin/ilej/pbrowse.pl?item=title&id=ILEJ.6.&title=The+Builder
_zView the vol. 1-10, 1843-1852 at www.bodley.ox.ac.uk
942 _n0
948 _c13/02/1998
999 _c118685
_d118685